Kader vom VfL Wolfsburg 25/26 - Statistiken

Allgemein
  • Dieses Quiz wurde 73 mal gespielt
  • Das Durchschnittsergebnis liegt bei 18 aus 29
Antwortstatistiken
Position Spieler % Korrekt
TW Kamil Grabara
98%
ZM Maximilian Arnold
92%
ST Jonas Wind
90%
ST Mohamed Amoura
86%
ZOM Christian Eriksen
80%
IV Konstantinos Koulierakis
78%
IV Moritz Jenz
78%
TW Marius Müller
73%
RA Patrick Wimmer
73%
ZM Yannick Gerhardt
73%
RV Kilian Fischer
71%
ZM Mattias Svanberg
71%
LV Joakim Mæhle
67%
ZOM Lovro Majer
67%
ST Dzenan Pejcinovic
65%
ST Adam Daghim
63%
ZDM Vini Souza
61%
RA Andreas Skov Olsen
59%
LV Aaron Zehnter
57%
TW Pavao Pervan
51%
IV Denis Vavro
49%
RA Jesper Lindstrøm
43%
RV Saël Kumbedi
43%
LM Kevin Paredes
41%
IV Jenson Seelt
39%
TW Jakub Zielinski
33%
LV Rogério
33%
IV Mathys Angély
29%
ZOM Bence Dárdai
27%
Keine übereinstimmenden Quizze gefunden
Verteilung der Resultate
Anzahl Personen mit jedem Resultat
Perzentil nach korrekt beantworteten Fragen
Ihre Resultats-Entwicklung
Sie haben dieses Quiz noch nicht gespielt